000 00390nam a2200145Ia 4500
008 180424s9999 xx 000 0 und d
040 _aPK-NaQUE
100 _a09ME103
100 _aManthar Ali Khoso
245 0 _aDevelopment of Automatic object Sorting out Converyor Belt System
260 _bQUEST
260 _c2009
300 _a61
700 _aDepartment of Mechanical Engineering
999 _c58553
_d58550